000 00834nam a2200241 i 4500
001 19311
003 ES-MaACL
005 20230906152050.0
007 t|
008 020709s1994 ag ||||1| spa d
020 _a950-786-045-2
080 _a398.2(82)(082.2)
100 1 _aChertudi, Susana.
_938378
245 1 0 _aJuan Soldao
_b: cuentos folklóricos de la Argentina /
_cSusana Chertudi ; prólogo de Olga Fernández Latour de Botas.
260 _aBuenos Aires :
_bSecretaría de Cultura de la Nación :
_bBiblos,
_c[1994]
300 _a147 p. ;
_c20 cm.
490 1 _aIdentidad nacional ;
_v33
650 1 4 _aCuentos populares-
_yArgentina.
_911497
700 1 _aFernández Latour de Botas, Olga.
_949866
830 0 _aIdentidad nacional ;
_v33
_9228875
852 _aES-MaACL
_jL-25747
_bR.131246
999 _c19311
_d19311